000 00671nam a2200193Ia 4500
003 GCL
008 140319s9999 xx 000 0 ara d
020 _a5235270977
040 _aGCL /
_cGCL
082 0 4 _aق
_b922.1
_bس ا
100 1 _aسامح كريم
245 1 0 _aاعلام فى التاريخ الاسلامى فى مصر :
_bافكار للتجديد ومواقف الحياة /
_cسامح كريم
250 _aالثانية
260 _aالقاهرة :
_bالدار المصرية اللبنانية ،
_c1997
300 _a382 ص ؛
_c24 سم
650 0 4 _aالتراجم الذاتية
650 0 4 _aالاسلام - تراجم
942 _2ddc
_cBK
999 _c44050
_d44050